Statistics for Undertale character name quiz

Click here to take the quiz!

General Stats

  • This quiz has been taken 67 times
  • The average score is 8 of 15

Answer Stats

aAnswer% Correct
aSans
97%
aaAsgore
95%
aPapyrus
94%
aaToriel
94%
aaaAlphys
89%
aaFrisk
77%
aChara
76%
aaMettaton
69%
aMuffet
44%
aMonster Kid
42%
aGaster
37%
aFroggit
26%
aOnionsan
2%
AMagick
0%
aaPyrope
0%

Score Distribution

Percentile by Number Answered

Percent of People with Each Score

Your Score History

You have not taken this quiz